Deux pays les plus peuplés par régions #2 - Statistiques

Statistiques générales
  • Ce quiz a été pris 45 fois
  • Le résultat moyen est 14 sur 16
Statistiques - réponses
Hint Réponse % Correct
Amérique du Nord 1 Etats-Unis
100%
Europe du Sud 1 Italie
98%
Amérique du Nord 2 Mexique
98%
Océanie 1 Australie
95%
Europe du Sud 2 Espagne
95%
Moyen-Orient 1 Iran
95%
Europe de l'Ouest 2 France
93%
Afrique de l'Est 1 Ethiopie
91%
Europe de l'Ouest 1 Royaume-Uni
91%
Moyen-Orient 2 Arabie Saoudite
89%
Asie du Sud-Est 1 Indonésie
89%
Afrique de l'Ouest 1 Nigeria
86%
Océanie 2 Papouasie-Nouvelle-Guinée
84%
Asie du Sud-Est 2 Philippines
84%
Afrique de l'Est 2 Tanzanie
70%
Afrique de l'Ouest 2 Ghana
59%
Aucun quiz correspondant
Distribution des résultats
% des personnes avec chaque résultat
Percentile par nombre de réponses
Votre historique - résultats
Vous n’avez pas pris ce quiz